00881nam a2200205 a 450000100100000000500170001000800410002704000250006811000850009324500600017826000340023830000220027249000130029483000200030704900090032795201050033695201110044195201060055299900170065800002687120250502073819.0110328s1971 dr 000 0 spa d aDO-SdBNPbspacBNPHU1 aRepública Dominicana.bOficina Nacional de Administración y Personal 92639810aEstudio administrativo de la Liga Municipal Dominicana. aSanto Domingo :bONAP,c1971. a48 [44] ;c28 cm.1 aONAPv33 aONAPv33910860 aBNPD 0010718PDaPDbPDcCTd2011-03-28iLF1l0o p26871-10r2020-06-25w2020-06-25yLFPDZNo se presta 0010718PDaPDbPDcCTd2011-05-31iLF1l0o p26871-20r2020-06-25te. 2w2020-06-25yLFPDZNo se presta 00107-18PDaPDbPDcOId2011-03-28iLF1l0o p26872-10r2020-06-25w2020-06-25yLFPDZNo se presta c26363d26363